Berkhemah

Bibliographic Details
Format: Book
Published: Kuala Lumpur : Jade Green Publication , 2001
Series:Saya boleh membaca
Subjects:

MARC

LEADER 00000cam a2200000 7i4500
001 0000047829
005 20220105104145.0
008 150526
020 |a 9833090184 
090 0 0 |a JP   |b MAL 
245 0 0 |a Berkhemah 
260 |a Kuala Lumpur :   |b Jade Green Publication ,   |c 2001 
440 0 |a Saya boleh membaca 
500 |a Children age 4-6 years old (yellow) 
650 0 |a Malay fiction 
999 |a 0000885343   |b Book   |c Children Collection   |e Cawangan Taman Universiti